000 00468nam a2200181Ia 4500
001 8228
005 20260306160553.0
008 260306t2016||||xx |||||||||||||| ||spa||
041 _aESP
082 _a370.15
_bR41
100 _aRendón Uribe, María Alexandra
_eAUT
245 0 _aLas competencias socioemocionales en el contexto escolar
260 _c2016
300 _axiv, 120 páginas :
_c24 cm.
650 _aGEN
654 _aCED
942 _cLIB
_dJUS
_fJUS
_2ddc
_n
999 _c8228
_d8228